000 00429nam a2200157 4500
003 SEACOMEC
005 20250326130102.0
008 250326b |||||||| |||| 00| 0 eng d
020 _a8183710247
_c120.00
040 _aSEACOMEC
082 _a428
_bL192
100 _a Lakshminarayanan , K. R.
245 _aSpeak in English U Can /
_c K. R. Lakshminarayanan
260 _aKOlkata:
_bScitech Publications,
_c2006
942 _cBOOK
999 _c2128
_d2128